[Event "Maia op 7th"]
[Site "Maia"]
[Date "2023.08.25"]
[Round "1"]
[White "Balakrishnan, Praveen"]
[Black "Monteiro, Paulo Alexandre G"]
[Result "1-0"]
[WhiteElo "2511"]
[BlackElo "2090"]
[PlyCount "61"]
[EventDate "2023.08.25"]
[EventType "swiss"]
[EventRounds "9"]
[EventCountry "POR"]
[SourceTitle "EXT 2024"]
[Source "ChessBase"]
[SourceDate "2023.10.10"]
[SourceVersion "1"]
[SourceVersionDate "2023.10.10"]
[SourceQuality "1"]

1. e4 e6 2. d4 d5 3. Nd2 Nf6 4. e5 Nfd7 5. c3 c5 6. f4 Nc6 7. Ndf3 Qb6 8. h4 cxd4 9. cxd4 Bb4+ 10. Kf2 f6 11. Be3 0-0 12. Nh3 Qc7 13. Kg1 Nb6 14. Rc1 Bd7 15. Bd3 Be8 16. Qc2 f5 17. g4 Qd7 18. a3 Rc8 19. Qg2 Be7 20. Kh2 Nc4 21. Rce1 Bd8 22. Rhg1 fxg4 23. Qxg4 Bb6 24. Bf2 Nxb2 25. Bb1 Bg6 26. Bxg6 hxg6 27. h5 gxh5 28. Qxh5 Qf7 29. Rg6 Ne7 30. Reg1 Nxg6 31. Nfg5 1-0

[Event "Lisbon Portugal rapid op"]
[Site "Lisbon"]
[Date "2022.09.04"]
[Round "10"]
[White "Monteiro, Paulo Alexandre G"]
[Black "Corte Real, Carlos Alberto Mor"]
[Result "1-0"]
[WhiteElo "2010"]
[BlackElo "1577"]
[PlyCount "69"]
[EventDate "2022.09.03"]
[EventType "swiss (rapid)"]
[EventRounds "11"]
[EventCountry "POR"]
[SourceTitle "CBM 210 Extra"]
[Source "ChessBase"]
[SourceDate "2022.11.30"]
[SourceVersion "1"]
[SourceVersionDate "2022.11.30"]
[SourceQuality "1"]

1. Nf3 d5 2. g3 Nf6 3. Bg2 c5 4. 0-0 Nc6 5. d3 e6 6. Nbd2 Be7 7. e4 0-0 8. Re1 Re8 9. e5 Nd7 10. Nf1 b6 11. h4 Bb7 12. N1h2 Nf8 13. Ng4 b5 14. h5 c4 15. d4 b4 16. h6 g6 17. c3 bxc3 18. bxc3 Nd7 19. Bf4 Bf8 20. Rb1 Rb8 21. Qd2 Qc7 22. Bg5 Ba8 23. Bf6 Rxb1 24. Rxb1 Rb8 25. Rxb8 Qxb8 26. Qc1 a5 27. Bg7 Ne7 28. Bxf8 Qxf8 29. Qb2 Bc6 30. Qa3 a4 31. Qd6 Bb5 32. Ng5 Nf5 33. Qxf8+ Nxf8 34. Nf6+ Kh8 35. Nxf7# 1-0

[Event "Lisbon Portugal rapid op"]
[Site "Lisbon"]
[Date "2022.09.03"]
[Round "7"]
[White "Afonso, Joao Pedro"]
[Black "Monteiro, Paulo Alexandre G"]
[Result "0-1"]
[WhiteElo "1685"]
[BlackElo "2010"]
[PlyCount "40"]
[EventDate "2022.09.03"]
[EventType "swiss (rapid)"]
[EventRounds "11"]
[EventCountry "POR"]
[SourceTitle "CBM 210 Extra"]
[Source "ChessBase"]
[SourceDate "2022.11.30"]
[SourceVersion "1"]
[SourceVersionDate "2022.11.30"]
[SourceQuality "1"]

1. e4 c5 2. c3 Nf6 3. e5 Nd5 4. d4 e6 5. Nf3 d6 6. exd6 Bxd6 7. Bd3 Nc6 8. 0-0 0-0 9. Bxh7+ Kxh7 10. Ng5+ Kg8 11. Qh5 Nf6 12. Qh4 e5 13. dxc5 Bxc5 14. Nd2 Bf5 15. Nc4 Qc7 16. b4 Bb6 17. Be3 Ne7 18. Bxb6 axb6 19. Ne3 Bg6 20. c4 Nf5 0-1

[Event "Lisbon Portugal rapid op"]
[Site "Lisbon"]
[Date "2022.09.03"]
[Round "4"]
[White "Monteiro, Paulo Alexandre G"]
[Black "Asvestopoulou, Evdokia"]
[Result "1-0"]
[WhiteElo "2010"]
[BlackElo "1668"]
[PlyCount "33"]
[EventDate "2022.09.03"]
[EventType "swiss (rapid)"]
[EventRounds "11"]
[EventCountry "POR"]
[SourceTitle "CBM 210 Extra"]
[Source "ChessBase"]
[SourceDate "2022.11.30"]
[SourceVersion "1"]
[SourceVersionDate "2022.11.30"]
[SourceQuality "1"]

1. d4 Nf6 2. c4 e5 3. dxe5 Ng4 4. Bf4 Bc5 5. e3 Nc6 6. Nf3 Qe7 7. Nc3 Ngxe5 8. Be2 0-0 9. 0-0 d6 10. Nd5 Qd8 11. Qd2 Bg4 12. Nxe5 Nxe5 13. Bxe5 Bxe2 14. Bxg7 Bxc4 15. Bxf8 Bxf1 16. Be7 Qe8 17. Nf6+ 1-0

[Event "POR-ch Blitz"]
[Site "Viseu"]
[Date "2022.06.11"]
[Round "11"]
[White "Sousa, Andre Ventura"]
[Black "Monteiro, Paulo Alexandre G"]
[Result "0-1"]
[WhiteElo "2420"]
[BlackElo "1980"]
[PlyCount "129"]
[EventDate "2022.06.11"]
[EventType "swiss (blitz)"]
[EventRounds "11"]
[EventCountry "POR"]
[SourceTitle "CBM 208 Extra"]
[Source "ChessBase"]
[SourceDate "2022.07.31"]
[SourceVersion "1"]
[SourceVersionDate "2022.07.31"]
[SourceQuality "1"]

1. e4 c5 2. Nf3 d6 3. Bb5+ Bd7 4. Bxd7+ Qxd7 5. 0-0 Nc6 6. c3 Nf6 7. Qe2 e6 8. d4 cxd4 9. cxd4 d5 10. e5 Ne4 11. Be3 f5 12. Ne1 f4 13. Bxf4 Nxd4 14. Qh5+ Qf7 15. Qd1 Nc6 16. Nd3 Be7 17. Nd2 Nxd2 18. Qxd2 0-0 19. Rac1 Rac8 20. Be3 Qf5 21. f4 d4 22. Bf2 Rfd8 23. a3 Qe4 24. b4 Bf8 25. Rc2 Ne7 26. Nc5 Qd5 27. Rfc1 Nf5 28. Qd3 Bxc5 29. Rxc5 Rxc5 30. Rxc5 Qa2 31. g4 Ne7 32. Kg2 Nd5 33. Kg3 Qa1 34. Qxd4 Qh1 35. Rc2 h5 36. gxh5 Rf8 37. h6 gxh6 38. f5 Rxf5 39. Rc8+ Kf7 40. h4 Qf3+ 41. Kh2 Qxf2+ 42. Qxf2 Rxf2+ 43. Kg3 Rf5 44. Rb8 Rxe5 45. Rxb7+ Kg6 46. Rxa7 Re3+ 47. Kg2 Re4 48. Kg3 Re3+ 49. Kg2 Kf5 50. b5 Rb3 51. a4 e5 52. Rh7 e4 53. Rxh6 e3 54. Rd6 Ke4 55. Re6+ Kd3 56. Kf3 Kc4 57. Re4+ Kc5 58. h5 e2+ 59. Kf2 Nc3 60. Re5+ Kd4 61. Re8 Rb1 62. Rxe2 Nxe2 63. Kxe2 Rh1 64. b6 Rxh5 65. b7 0-1

[Event "POR-ch U14/20"]
[Site "Fatima"]
[Date "2022.04.13"]
[Round "6"]
[White "Martins, Bruno Andre Leite"]
[Black "Monteiro, Paulo Alexandre G"]
[Result "1/2-1/2"]
[WhiteElo "2323"]
[BlackElo "2032"]
[PlyCount "59"]
[EventDate "2022.04.10"]
[EventType "swiss"]
[EventRounds "9"]
[EventCountry "POR"]
[SourceTitle "EXT 2023"]
[Source "ChessBase"]
[SourceDate "2022.10.05"]
[SourceVersion "1"]
[SourceVersionDate "2022.10.05"]
[SourceQuality "1"]

1. e4 c5 2. Nf3 d6 3. d4 cxd4 4. Nxd4 Nf6 5. Nc3 Nc6 6. Bg5 g6 7. Bxf6 exf6 8. Bb5 Bd7 9. 0-0 Bg7 10. Ba4 f5 11. Nxc6 Bxc6 12. Bxc6+ bxc6 13. exf5 0-0 14. Qf3 d5 15. Rab1 a5 16. Na4 Rb8 17. b3 Rb4 18. Nc5 Qd6 19. Nd3 Re4 20. Rfe1 Rfe8 21. Qg3 Qxg3 22. hxg3 gxf5 23. f3 R4e6 24. Rxe6 fxe6 25. f4 e5 26. fxe5 Bxe5 27. Nxe5 Rxe5 28. Kf2 Kf7 29. Rd1 Re4 30. Kf3 1/2-1/2

[Event "POR-chT"]
[Site "Peniche"]
[Date "2021.07.24"]
[Round "8.3"]
[White "Ftacnik, Lubomir"]
[Black "Monteiro, Paulo Alexandre G"]
[Result "1-0"]
[WhiteElo "2510"]
[BlackElo "2023"]
[PlyCount "59"]
[EventDate "2021.07.19"]
[EventType "team-tourn"]
[EventRounds "9"]
[EventCountry "POR"]
[SourceTitle "CBM 203 Extra"]
[Source "ChessBase"]
[SourceDate "2021.09.30"]
[SourceVersion "1"]
[SourceVersionDate "2021.09.30"]
[SourceQuality "1"]
[WhiteTeam "Gaia"]
[BlackTeam "Amanha da Crianca"]
[WhiteTeamCountry "POR"]
[BlackTeamCountry "POR"]

1. Nf3 Nf6 2. c4 g6 3. Nc3 Bg7 4. d4 0-0 5. e4 d6 6. Be2 e5 7. 0-0 Nc6 8. d5 Ne7 9. b4 Nh5 10. Re1 f5 11. Ng5 Nf4 12. Bxf4 exf4 13. Rc1 a5 14. b5 Rf6 15. Bf3 h6 16. Ne6 Bxe6 17. dxe6 Rxe6 18. Nd5 Be5 19. exf5 Nxf5 20. Nxf4 Bxf4 21. Rxe6 Bxc1 22. Qxc1 Kh7 23. Bxb7 Rb8 24. Be4 Qf8 25. Qe1 Rc8 26. h3 Qf7 27. Bxf5 Qxf5 28. Re7+ Kg8 29. Qxa5 Qf4 30. Qc3 1-0

[Event "FIDE World Uni Rapid-C 1st"]
[Site "Tornelo INT"]
[Date "2021.03.21"]
[Round "8"]
[White "Monteiro, Paulo Alexandre G"]
[Black "Opoka, Joshua"]
[Result "1-0"]
[WhiteElo "2023"]
[BlackElo "1631"]
[PlyCount "31"]
[EventDate "2021.03.20"]
[EventType "swiss (rapid)"]
[EventRounds "12"]
[EventCountry "NET"]
[SourceTitle "CBM 201 Extra"]
[Source "ChessBase"]
[SourceDate "2021.05.31"]
[SourceVersion "1"]
[SourceVersionDate "2021.05.31"]
[SourceQuality "1"]

1. d4 d5 2. c4 c6 3. Nc3 Nf6 4. Nf3 Bf5 5. Bf4 e6 6. e3 Bb4 7. Bd3 Ne4 8. Qc2 Qa5 9. 0-0 Bxc3 10. Bxe4 dxe4 11. Ne5 Bb4 12. c5 Qd8 13. Nc4 Ba5 14. Nd6+ Kf8 15. Nxb7 Qe7 16. Bd6 1-0

[Event "FIDE World Uni Rapid-C 1st"]
[Site "Tornelo INT"]
[Date "2021.03.20"]
[Round "3"]
[White "Librelato, Kathie Goulart"]
[Black "Monteiro, Paulo Alexandre G"]
[Result "1-0"]
[WhiteElo "2165"]
[BlackElo "2023"]
[PlyCount "25"]
[EventDate "2021.03.20"]
[EventType "swiss (rapid)"]
[EventRounds "12"]
[EventCountry "NET"]
[SourceTitle "CBM 201 Extra"]
[Source "ChessBase"]
[SourceDate "2021.05.31"]
[SourceVersion "1"]
[SourceVersionDate "2021.05.31"]
[SourceQuality "1"]

1. e4 e6 2. d4 d5 3. Nc3 Bb4 4. e5 b6 5. Bd2 Qd7 6. f4 Nc6 7. Nf3 Bb7 8. Bd3 0-0-0 9. Qe2 h5 10. 0-0-0 Nh6 11. Kb1 Nb8 12. Nb5 Be7 13. Nxa7# 1-0

[Event "FIDE World Uni Rapid-C 1st"]
[Site "Tornelo INT"]
[Date "2021.03.20"]
[Round "4"]
[White "Monteiro, Paulo Alexandre G"]
[Black "Md Showhal, Saad"]
[Result "1-0"]
[WhiteElo "2023"]
[BlackElo "1436"]
[PlyCount "121"]
[EventDate "2021.03.20"]
[EventType "swiss (rapid)"]
[EventRounds "12"]
[EventCountry "NET"]
[SourceTitle "CBM 201 Extra"]
[Source "ChessBase"]
[SourceDate "2021.05.31"]
[SourceVersion "1"]
[SourceVersionDate "2021.05.31"]
[SourceQuality "1"]

1. d4 c6 2. e4 d6 3. Nc3 Qc7 4. Nf3 Bg4 5. Bc4 Nf6 6. Bf4 Nbd7 7. Qe2 e5 8. dxe5 dxe5 9. Bg5 Be7 10. 0-0-0 0-0 11. h3 Bh5 12. g4 Bg6 13. h4 h6 14. h5 Bh7 15. Bd2 b5 16. Bd3 a5 17. Rdg1 a4 18. g5 hxg5 19. Bxg5 b4 20. Nd1 b3 21. a3 bxc2 22. Bxc2 Rfb8 23. Bh6 g6 24. hxg6 fxg6 25. Qc4+ Kh8 26. Qf7 Bf8 27. Bg5 Qd6 28. Bxf6+ Nxf6 29. Rxg6 Rb7 30. Qxb7 Rb8 31. Rxf6 Rxb7 32. Rxd6 Bxd6 33. Ng5 Kg8 34. Nxh7 Rxh7 35. Rxh7 Kxh7 36. Bxa4 c5 37. Ne3 Kh6 38. Nc4 Bc7 39. Bc6 Kg5 40. Kd2 Kf4 41. Ke2 Bb8 42. a4 Bc7 43. a5 Bb8 44. a6 Ba7 45. Nd6 Kg5 46. Nb5 Bb6 47. a7 Bxa7 48. Nxa7 Kf6 49. Nb5 Ke7 50. Ke3 Kf6 51. f4 exf4+ 52. Kxf4 Ke6 53. e5 Ke7 54. Kf5 c4 55. e6 c3 56. bxc3 Kf8 57. Kf6 Kg8 58. Be4 Kf8 59. Nd6 Kg8 60. e7 Kh8 61. e8Q# 1-0

[Event "FIDE World Uni Rapid-C 1st"]
[Site "Tornelo INT"]
[Date "2021.03.20"]
[Round "6"]
[White "Monteiro, Paulo Alexandre G"]
[Black "Sakshi, Pradyumn"]
[Result "0-1"]
[WhiteElo "2023"]
[BlackElo "1504"]
[PlyCount "98"]
[EventDate "2021.03.20"]
[EventType "swiss (rapid)"]
[EventRounds "12"]
[EventCountry "NET"]
[SourceTitle "CBM 201 Extra"]
[Source "ChessBase"]
[SourceDate "2021.05.31"]
[SourceVersion "1"]
[SourceVersionDate "2021.05.31"]
[SourceQuality "1"]

1. d4 Nf6 2. c4 g6 3. Nc3 Bg7 4. e4 d6 5. Nf3 0-0 6. Be2 Nc6 7. 0-0 e5 8. d5 Ne7 9. Ne1 Ne8 10. Nd3 f5 11. Bd2 f4 12. Bg4 h5 13. Bxc8 Qxc8 14. f3 g5 15. c5 Ng6 16. cxd6 cxd6 17. Rc1 Qd7 18. Nf2 Nf6 19. h3 Nh4 20. Be1 Rac8 21. Qe2 Kh8 22. Nd3 Ng6 23. Nf2 Bh6 24. Bd2 Nh4 25. Nb5 a6 26. Na3 Rxc1 27. Rxc1 g4 28. hxg4 hxg4 29. Ba5 gxf3 30. gxf3 Qg7+ 31. Kf1 Qg2+ 32. Ke1 Nxf3+ 33. Kd1 Qg1+ 34. Be1 Nd4 35. Qd3 Ng4 36. Nxg4 Qxg4+ 37. Kd2 f3+ 38. Kc3 Rc8+ 39. Kb4 Rxc1 40. Bc3 f2 41. Bxd4 f1Q 42. Qb3 a5+ 43. Kxa5 Qa6+ 44. Kb4 Bd2+ 45. Bc3 Qb6+ 46. Nb5 Qxe4+ 47. Ka3 Qa6+ 48. Ba5 Qxa5+ 49. Qa4 Qaxa4# 0-1

[Event "FIDE World Uni Blitz-C 1st"]
[Site "Tornelo INT"]
[Date "2021.03.13"]
[Round "10.43"]
[White "Brahman, Tharmasanthiran"]
[Black "Monteiro, Paulo Alexandre G"]
[Result "0-1"]
[WhiteElo "1355"]
[BlackElo "2023"]
[PlyCount "84"]
[EventDate "2021.03.13"]
[EventType "swiss (blitz)"]
[EventRounds "10"]
[EventCountry "NET"]
[SourceTitle "EXT 2022"]
[Source "ChessBase"]
[SourceDate "2021.10.06"]
[SourceVersion "1"]
[SourceVersionDate "2021.10.06"]
[SourceQuality "1"]

1. c4 Nf6 2. g3 g6 3. Bg2 Bg7 4. Nc3 0-0 5. Nf3 d6 6. 0-0 e5 7. d4 exd4 8. Nxd4 Re8 9. Re1 a5 10. h3 c6 11. Kh2 Na6 12. Nxc6 bxc6 13. Bxc6 Be6 14. Bxe8 Nxe8 15. Nd5 Nac7 16. Rb1 Rb8 17. b3 Qd7 18. Nf4 h5 19. Nxe6 Nxe6 20. Bb2 Nf6 21. f4 h4 22. Qd3 hxg3+ 23. Qxg3 Nh5 24. Qf3 Nexf4 25. Bxg7 Kxg7 26. Rf1 Re8 27. e3 Ne6 28. Rbd1 Ng5 29. Qg4 Qe7 30. Qd4+ Kh6 31. Rde1 Ne4 32. Rf4 f5 33. Ref1 Nxf4 34. Rxf4 Qe5 35. Qd1 g5 36. Qf3 gxf4 37. exf4 Qb2+ 38. Kh1 Qc1+ 39. Kg2 Qd2+ 40. Kg1 Qe1+ 41. Kg2 Rg8+ 42. Kh2 Qg1# 0-1

[Event "FISU World University"]
[Site "Tornelo INT"]
[Date "2020.10.28"]
[Round "9.19"]
[White "Alonso Prieto, Victor"]
[Black "Monteiro, Paulo Alexandre G"]
[Result "0-1"]
[WhiteElo "1551"]
[BlackElo "2049"]
[PlyCount "138"]
[EventDate "2020.10.26"]
[EventType "team-swiss (rapid)"]
[EventRounds "9"]
[EventCountry "NET"]
[SourceTitle "CBM 199 Extra"]
[Source "ChessBase"]
[SourceDate "2021.01.31"]
[SourceVersion "1"]
[SourceVersionDate "2021.01.31"]
[SourceQuality "1"]
[WhiteTeam "Spain"]
[BlackTeam "Portugal"]
[WhiteTeamCountry "ESP"]
[BlackTeamCountry "POR"]

1. b3 Nf6 2. Bb2 g6 3. d3 Bg7 4. e4 d6 5. Nf3 0-0 6. Be2 c5 7. 0-0 Nc6 8. Nbd2 Bd7 9. Re1 b5 10. d4 Nxd4 11. Nxd4 cxd4 12. Bxd4 Bc6 13. Bf3 Qc7 14. e5 dxe5 15. Bxe5 Qb7 16. Bxc6 Qxc6 17. Rc1 Rfd8 18. Qe2 Bh6 19. f4 Qc5+ 20. Kf1 Ng4 21. Nf3 Nxe5 22. Qxe5 Qxe5 23. Nxe5 Bxf4 24. Rb1 Rac8 25. Nd3 Bd6 26. Re2 Rd7 27. h3 Rdc7 28. Rc1 Ba3 29. Rce1 Rxc2 30. Ne5 Bb4 31. Rxc2 Rxc2 32. Re2 Rxe2 33. Kxe2 Bd6 34. Nc6 a6 35. Kd3 Kg7 36. Nd4 e5 37. Nc6 f5 38. Nd8 Kf6 39. Nc6 Bc5 40. a4 e4+ 41. Ke2 f4 42. axb5 axb5 43. b4 Bd6 44. Nd4 Bxb4 45. Nxb5 g5 46. Nd4 h5 47. Nc2 Bc5 48. Ne1 Kf5 49. Nc2 g4 50. hxg4+ hxg4 51. Ne1 Ke5 52. Nc2 f3+ 53. gxf3 exf3+ 54. Kf1 Ke4 55. Ne1 g3 56. Nc2 g2+ 57. Ke1 g1Q+ 58. Kd2 Qf2+ 59. Kc3 Bd4+ 60. Kb3 Qxc2+ 61. Kxc2 f2 62. Kd2 f1Q 63. Kc2 Qd3+ 64. Kc1 Bb2+ 65. Kxb2 Qc4 66. Kb1 Qe2 67. Kc1 Kd3 68. Kb1 Kc3 69. Ka1 Qb2# 0-1

[Event "POR-chT"]
[Site "Penafiel"]
[Date "2020.08.28"]
[Round "9.1"]
[White "Monteiro, Paulo Alexandre G"]
[Black "Eggert, Alberto"]
[Result "1-0"]
[WhiteElo "1943"]
[BlackElo "2102"]
[PlyCount "95"]
[EventDate "2020.08.22"]
[EventType "team-tourn"]
[EventRounds "9"]
[EventCountry "POR"]
[SourceTitle "CBM 198 Extra"]
[Source "ChessBase"]
[SourceDate "2020.11.30"]
[SourceVersion "1"]
[SourceVersionDate "2020.11.30"]
[SourceQuality "1"]
[WhiteTeam "Amanha da Crianca"]
[BlackTeam "Amadora"]
[WhiteTeamCountry "POR"]
[BlackTeamCountry "POR"]

1. d4 d5 2. c4 c6 3. cxd5 cxd5 4. Nc3 Nf6 5. Nf3 g6 6. Bf4 a6 7. e3 Bg7 8. Bd3 Nc6 9. 0-0 0-0 10. h3 b5 11. Rc1 Na5 12. Ne5 Be6 13. Qe2 Qb6 14. Rc2 Rfc8 15. b3 Ne8 16. Qf3 Qd8 17. Rfc1 Bxe5 18. Bxe5 Nc6 19. Ne2 Nb4 20. Rxc8 Rxc8 21. Rxc8 Qxc8 22. Bb1 Nxa2 23. Bxa2 Qc2 24. Nf4 Qxa2 25. Nxe6 fxe6 26. Qg4 Qb1+ 27. Kh2 Qf5 28. Qe2 Kf7 29. Qa2 Qd3 30. b4 Qc3 31. Qa5 Qc8 32. Qb6 Qc4 33. Qa5 h5 34. h4 Qe2 35. Qxa6 Qxf2 36. Qxb5 Qxh4+ 37. Kg1 Qe1+ 38. Kh2 Qxe3 39. Qc5 h4 40. b5 g5 41. b6 g4 42. b7 Qf2 43. Qc1 Nf6 44. b8Q h3 45. Qg1 g3+ 46. Bxg3 Ng4+ 47. Kh1 hxg2+ 48. Qxg2 1-0

[Event "POR-chT"]
[Site "Penafiel"]
[Date "2020.08.25"]
[Round "5.1"]
[White "Monteiro, Paulo Alexandre G"]
[Black "Suarez Garcia, Carlos"]
[Result "1-0"]
[WhiteElo "1943"]
[BlackElo "2441"]
[PlyCount "95"]
[EventDate "2020.08.22"]
[EventType "team-tourn"]
[EventRounds "9"]
[EventCountry "POR"]
[SourceTitle "CBM 198 Extra"]
[Source "ChessBase"]
[SourceDate "2020.11.30"]
[SourceVersion "1"]
[SourceVersionDate "2020.11.30"]
[SourceQuality "1"]
[WhiteTeam "Amanha da Crianca"]
[BlackTeam "Dias Ferreira"]
[WhiteTeamCountry "POR"]
[BlackTeamCountry "POR"]

1. d4 d6 2. e4 Nf6 3. Nc3 g6 4. Nf3 Bg7 5. h3 0-0 6. Be2 a6 7. 0-0 b5 8. e5 Nfd7 9. Bf4 Nc6 10. exd6 cxd6 11. d5 Nce5 12. Nd4 Bb7 13. a4 b4 14. Na2 Bxd5 15. Nxb4 Bb7 16. a5 Qc7 17. c3 Nc4 18. Bxc4 Qxc4 19. Qe2 Qxe2 20. Nxe2 Nc5 21. Bg5 f6 22. Be3 Rfc8 23. Rfd1 Rab8 24. Ra2 Kf7 25. Nd5 Bxd5 26. Rxd5 Nd7 27. f4 f5 28. Nc1 Rc4 29. Rd1 Nf6 30. Rd4 Rcc8 31. Nd3 Nd7 32. Rb4 Ra8 33. Rb7 Ke8 34. Nb4 Rcb8 35. Rxb8+ Nxb8 36. Nd5 Kd8 37. Ra4 Nd7 38. Bb6+ Nxb6 39. axb6 Kd7 40. Rc4 Rb8 41. Rc7+ Ke6 42. c4 Re8 43. b7 Bd4+ 44. Kf1 Ba7 45. Rc8 Kd7 46. Rxe8 Kxe8 47. Nc7+ Kd7 48. Nxa6 1-0